Countries Containing O - Statistics

General Stats
  • This quiz has been taken 4,637 times
    4,588 since last reset
  • The average score is 50 of 69
Answer Stats
country % Correct
{S}o{uth} {K}o{rea}
91%
O{man}
90%
{N}o{rth} {K}o{rea}
88%
{P}o{rtugal}
88%
{S}o{uth} {Africa}
88%
{N}o{rway}
87%
{C}o{l}o{mbia}
85%
{M}o{r}o{cc}o
85%
{K}o{s}o{v}o
83%
{P}o{land}
83%
{T}o{g}o
83%
{S}o{uth} {Sudan}
82%
{B}o{livia}
81%
{Dem} {Republic} o{f} {the} {C}o{ng}o
81%
{D}o{minica}
80%
{R}o{mania}
80%
{T}o{nga}
80%
{And}o{rra}
79%
{B}o{snia} {and} {Herzeg}o{vina}
79%
{M}o{nac}o
79%
{Republic} o{f} {the} {C}o{ng}o
79%
{B}o{tswana}
78%
{C}o{m}o{r}o{s}
78%
{H}o{nduras}
78%
{Mexic}o
78%
{Camer}oo{n}
77%
{D}o{minican} {Republic}
77%
{M}o{ntenegr}o
77%
{S}o{malia}
77%
{Ang}o{la}
76%
{M}o{ng}o{lia}
76%
{Sl}o{vakia}
75%
{Sl}o{venia}
75%
{Les}o{th}o
74%
{M}o{ld}o{va}
74%
{San} {Marin}o
74%
{S}o{l}o{m}o{n} {Islands}
74%
{United} {Kingd}o{m}
74%
{C}o{sta} {Rica}
73%
{Cr}o{atia}
73%
{Est}o{nia}
73%
{La}o{s}
73%
{Camb}o{dia}
72%
{Ind}o{nesia}
72%
{M}o{zambique}
71%
{N}o{rth} {Maced}o{nia}
71%
{Sam}o{a}
71%
{J}o{rdan}
70%
{Luxemb}o{urg}
70%
{Ecuad}o{r}
68%
{Sã}o {T}o{mé} {and} {Príncipe}
68%
{Trinidad} {and} {T}o{bag}o
68%
{Gab}o{n}
67%
{Leban}o{n}
65%
{Burkina} {Fas}o
64%
{El} {Salvad}o{r}
64%
{Ethi}o{pia}
64%
{Barbad}o{s}
63%
{Fed} {States} o{f} {Micr}o{nesia}
63%
{Singap}o{re}
63%
{Djib}o{uti}
62%
{Ge}o{rgia}
62%
{C}ô{te} {d'Iv}o{ire}
61%
{Equat}o{rial} {Guinea}
59%
{East} {Tim}o{r}
58%
{Sierra} {Le}o{ne}
55%
{C}oo{k} {Islands}
30%
{Far}o{e} {Islands}
21%
{Curaça}o
17%
No matching quizzes found
Score Distribution
Percent of People with Each Score
Percentile by Number Answered
Your Score History
You have not taken this quiz since the last reset